000
00191 a2200097 4500
020
_a
9780061245022
041
_a
eng
100
_a
KAthryn Smith
245
_a
Taken by the Night
942
_c
BK
999
_c
30584
_d
30582